Countries by Breakfast - Statistics

General Stats
  • This quiz has been taken 53 times
  • The average score is 5 of 10
Answer Stats
Picture Answer % Correct
France
98%
United Kingdom
91%
Spain
47%
China
43%
Mexico
43%
Sweden
38%
Türkiye
34%
Brazil
26%
Russia
21%
Morocco
17%
No matching quizzes found
Score Distribution
Percent of People with Each Score
Percentile by Number Answered
Your Score History
You have not taken this quiz